| 000 | 00619nam a2200229Ia 4500 | ||
|---|---|---|---|
| 003 | OSt | ||
| 005 | 20221007073434.0 | ||
| 006 | a|||||r|||| 00| 0 | ||
| 007 | ta | ||
| 008 | 221006b |||||||| |||| 00| 0 eng d | ||
| 024 | _a22,111 | ||
| 037 | _cTextual | ||
| 040 |
_aFLL _cFLL _beng |
||
| 041 |
_2eng _aeng |
||
| 082 | _aZ2:AqN71, L7 | ||
| 100 | _aMalik P.L. | ||
| 245 | 0 | _aMisaand other allied acts, orders and notifications | |
| 260 |
_aLucknow _bEastern Book Company India _c1977 |
||
| 300 |
_aiv,246p _ccm. |
||
| 942 |
_hZ2:AqN71, L7 _cTEXL _2CC |
||
| 999 |
_c1148744 _d1148744 |
||